| 000 | 00703nam a22001337a 4500 | ||
|---|---|---|---|
| 040 | _cRUA | ||
| 082 | _aAGR THO 2013 B056 Or.1 | ||
| 100 | _aTHO THANAK | ||
| 245 | _aComparison of different early rice varieties at cambidian agricultural research and development,(ការប្រៀបធៀបពូជស្រូវស្រាលផ្សេងៗគ្នា នៅវិទ្យាស្ថានស្រាវជ្រាវ និងអភិវឌ្ឍន៍កសិកម្មកម្ពុជា) | ||
| 260 |
_aphonm penh _bRUA _c2013 |
||
| 300 |
_aix, 33p. _bill. _c29cm |
||
| 856 | _uhttps://drive.google.com/file/d/1P1_FmRRHEdjW5y47Qeg4LkUq5LCHBosH/view?usp=sharing | ||
| 942 | _cAGR | ||
| 999 |
_c1278 _d1278 |
||